000
00330nam a22001337a 4500
008
180226b xxu||||| |||| 00| 0 eng d
020
_a
020507961-X
041
_a
eng
080
_a
159.9
100
_a
48
101
_a
PSI
245
_a
Self and society a symbolic interactionist social psychology
_c
Hewitt,J,P
942
_2
udc
_c
BK
999
_c
43432
_d
43432